00540cam a22001697a 450000100100000000500170001000800410002701000130006803500210008103500190010204000180012105000220013910000240016124501010018526000630028630000210034900001578620200929164143.0900425s1987 cs |||||000 0|spa  a90148733 a(WaOLN) 90148733 a(WaOLN)6482909 aDO-SdBNPcDLC00aMLCS 97/06737 (P)2 aGarcia Luis, Julio.10aGeneros de opinion :bapuntes y sugerencias sobre el articulo periodistico /cJulio Garcia Luis. aPraga :bOrganizacion Internacional de Periodistas,c1987. a149 p. ;c21 cm.